Jak napsat vědeckou publikaci kvalitně a bezbolestně : skripta pro vysoké školy /

Main Author: Bartoš, Pavel, 1982-
Other Authors: Bočková, Kateřina, 1976-
Language: Czech
Published: Praha : Evropská akademie vzdělávání, 2025
Edition: První vydání
Subjects:
Physical Description: 156 stran : ilustrace (převážně barevné) ; 21 cm
Book
Saved in:
LEADER 02605nam a2200661 i 4500
001 nkc20253689150
003 CZ PrNK
005 20260330124405.0
007 ta
008 250609s2025 xr a e p 000 0 cze
015 |a cnb003689150 
020 |a 978-80-53051-28-6  |q (brožováno) 
035 |a (OCoLC)1531363394 
040 |a BOA001  |b cze  |d ABA001  |e rda 
072 7 |a 00  |x Věda. Všeobecnosti. Základy vědy a kultury. Vědecká práce  |2 Konspekt  |9 12 
072 7 |a 37.016  |x Učební osnovy. Vyučovací předměty. Učebnice  |2 Konspekt  |9 22 
080 |a 001.81/.87  |2 MRF 
080 |a 808.1/.2  |2 MRF 
080 |a 655.411  |2 MRF 
080 |a 002+007  |2 MRF 
080 |a 17:001.811  |2 MRF 
080 |a 001.811  |2 MRF 
080 |a 001.891  |2 MRF 
080 |a (072)  |2 MRF 
100 1 |a Bartoš, Pavel,  |d 1982-  |7 ola20241216376  |4 aut 
245 1 0 |a Jak napsat vědeckou publikaci kvalitně a bezbolestně :  |b skripta pro vysoké školy /  |c Pavel Bartoš, Kateřina Bočková 
250 |a První vydání 
264 1 |a Praha :  |b Evropská akademie vzdělávání,  |c 2025 
300 |a 156 stran :  |b ilustrace (převážně barevné) ;  |c 21 cm 
336 |a text  |b txt  |2 rdacontent 
337 |a bez média  |b n  |2 rdamedia 
338 |a svazek  |b nc  |2 rdacarrier 
500 |a Obsahuje QR kód s přístupem k rozšiřujícím materiálům 
500 |a Terminologický slovník 
504 |a Obsahuje bibliografii 
650 0 7 |a odborné písemné práce  |7 ph115556  |2 czenas 
650 0 7 |a publikační činnost  |7 ph137479  |2 czenas 
650 0 7 |a vědecké publikace  |7 ph127375  |2 czenas 
650 0 7 |a informační zdroje  |7 ph121110  |2 czenas 
650 0 7 |a informační etika  |7 ph1028787  |2 czenas 
650 0 7 |a bibliografické citace  |7 ph139249  |2 czenas 
650 0 7 |a vědecký výzkum  |7 ph116680  |2 czenas 
650 0 9 |a professional papers  |2 eczenas 
650 0 9 |a publication activity  |2 eczenas 
650 0 9 |a scientific publications  |2 eczenas 
650 0 9 |a information resources  |2 eczenas 
650 0 9 |a information ethics  |2 eczenas 
650 0 9 |a standard citation forms  |2 eczenas 
650 0 9 |a scientific research  |2 eczenas 
655 7 |a metodické příručky  |7 fd132826  |2 czenas 
655 9 |a methodological manuals  |2 eczenas 
700 1 |a Bočková, Kateřina,  |d 1976-  |7 jo20211100027  |4 aut 
910 2 |a BOA001  |b 2-1545.687 
990 |a BK 
995 |a 01 
991 |b 202507  |c NOV 
996 6 |b 2611006895  |c 2-1545.687  |l MZK  |r Sklad / do 1 hodiny  |n 0  |p p.v.  |w 002009965  |u 000010  |a 1  |e BOA001  |j MZK50  |s P 
996 7 |b 2611009119  |c 2-1545.687  |l Vol.výběr  |r VV 0p  |n 1  |p kup  |h 00 BAR  |w 002009965  |u 000020  |a 0  |e BOA001  |j MZK50  |s A